Essentials of microbiology for dental students / (Record no. 26613)
[ view plain ]
| 000 -LEADER | |
|---|---|
| fixed length control field | 02169cam a22003255a 4500 |
| 001 - CONTROL NUMBER | |
| control field | ssj0000079042 |
| 003 - CONTROL NUMBER IDENTIFIER | |
| control field | OSt |
| 005 - DATE AND TIME OF LATEST TRANSACTION | |
| control field | 20180503105645.0 |
| 008 - FIXED-LENGTH DATA ELEMENTS--GENERAL INFORMATION | |
| fixed length control field | 051021s2007 ii a frb f001 0 eng d |
| 020 ## - INTERNATIONAL STANDARD BOOK NUMBER | |
| International Standard Book Number | 9780195687385 |
| 020 ## - INTERNATIONAL STANDARD BOOK NUMBER | |
| International Standard Book Number | 0195687388 |
| 040 ## - CATALOGING SOURCE | |
| Original cataloging agency | DNLM/DLC |
| Transcribing agency | DLC |
| Modifying agency | UKM |
| -- | BAKER |
| -- | NLM |
| -- | BWKUK |
| -- | DLC |
| -- | WaSeSS |
| -- | EG-ScBUE |
| Language of cataloging | eng |
| 082 04 - DEWEY DECIMAL CLASSIFICATION NUMBER | |
| Edition number | 22 |
| Classification number | 616.9041 |
| Item number | ESS |
| 245 00 - TITLE STATEMENT | |
| Title | Essentials of microbiology for dental students / |
| Statement of responsibility, etc | Jeremy Bagg ... [et al.] ; illustrated by Simon Bagg. |
| 250 ## - EDITION STATEMENT | |
| Edition statement | 2nd ed., Indian ed. |
| 260 ## - PUBLICATION, DISTRIBUTION, ETC. (IMPRINT) | |
| Place of publication, distribution, etc | New Delhi : |
| Name of publisher, distributor, etc | Oxford University Press, |
| Date of publication, distribution, etc | 2007. |
| 300 ## - PHYSICAL DESCRIPTION | |
| Extent | xxix, 317 p. : |
| Other physical details | ill. ; |
| Dimensions | 28 cm. |
| 504 ## - BIBLIOGRAPHY, ETC. NOTE | |
| Bibliography, etc | Includes bibliographical references and index. |
| 505 0# - FORMATTED CONTENTS NOTE | |
| Formatted contents note | The concept of micro-organisms -- Bacterial structure and physiology -- Bacterial taxonomy -- Bacterial pathogenicity and epidemiology -- Bacterial genetics and molecular biology -- Viruses -- Fungi -- Host defences -- Immunization --Antimicrobial agents -- Disinfection and sterilization -- Diagnostic microbiology --Infections of the skin and soft tissues -- Genitourinary tract infections --Gastrointestinal infections -- Respiratory tract infections -- |
| 505 0# - FORMATTED CONTENTS NOTE | |
| Formatted contents note | Infections of the central nervous system -- Infective endocarditis and sepsis syndrome -- Human herpes viruses -- Blood-borne viruses -- The oral microflora and dental plaque -- Defence mechanisms of the mouth -- Dental caries -- Periodontal diseases -- Infections of the pulp, periapical tissues, and bone of the jaw -- Salivary gland infections -- Oral fungal infections -- Bacterial and viral infections of the oral mucosa -- Antimicrobial agents in dentistry -- Cross-infection control in dentistry. |
| 650 #7 - SUBJECT ADDED ENTRY--TOPICAL TERM | |
| Topical term or geographic name as entry element | Mouth |
| General subdivision | Microbiology. |
| Source of heading or term | BUEsh |
| 9 (RLIN) | 30176 |
| 650 #7 - SUBJECT ADDED ENTRY--TOPICAL TERM | |
| Topical term or geographic name as entry element | Medical microbiology. |
| Source of heading or term | BUEsh |
| 9 (RLIN) | 12324 |
| 651 ## - SUBJECT ADDED ENTRY--GEOGRAPHIC NAME | |
| Source of heading or term | BUEsh |
| 653 ## - INDEX TERM--UNCONTROLLED | |
| Resource For college | |
| Arrived date list | April2018 |
| -- | May2018 |
| 700 1# - ADDED ENTRY--PERSONAL NAME | |
| Personal name | Bagg, Jeremy. |
| 700 1# - ADDED ENTRY--PERSONAL NAME | |
| Personal name | Bagg, Simon, |
| Relator term | illustrator. |
| 856 40 - ELECTRONIC LOCATION AND ACCESS | |
| Host name | IUPUI |
| Uniform Resource Identifier | <a href="http://RX8KL6YF4X.search.serialssolutions.com/?V=1.0&L=RX8KL6YF4X&S=JCs&C=TC0000079042&T=marc">http://RX8KL6YF4X.search.serialssolutions.com/?V=1.0&L=RX8KL6YF4X&S=JCs&C=TC0000079042&T=marc</a> |
| 856 40 - ELECTRONIC LOCATION AND ACCESS | |
| Host name | COLUMBUS |
| Uniform Resource Identifier | <a href="http://RX8KL6YF4X.search.serialssolutions.com/?V=1.0&L=RX8KL6YF4X&S=JCs&C=TC0000079042&T=marc">http://RX8KL6YF4X.search.serialssolutions.com/?V=1.0&L=RX8KL6YF4X&S=JCs&C=TC0000079042&T=marc</a> |
| 942 ## - ADDED ENTRY ELEMENTS (KOHA) | |
| Source of classification or shelving scheme | Dewey Decimal Classification |
| Withdrawn status | Item status | Source of classification or shelving scheme | Damaged status | Not for loan | Home library | Current library | Shelving location | Date acquired | Total Checkouts | Total Renewals | Full call number | Barcode | Date last seen | Date last borrowed | Koha item type |
|---|---|---|---|---|---|---|---|---|---|---|---|---|---|---|---|
| Dewey Decimal Classification | Central Library | Central Library | First floor | 29/04/2018 | 7 | 33 | 616.9041 ESS | 000047686 | 02/03/2026 | 24/02/2026 | Book - Borrowing | ||||
| Dewey Decimal Classification | Central Library | Central Library | First floor | 13/05/2018 | 1 | 24 | 616.9041 ESS | 000047674 | 11/10/2025 | 24/09/2019 | Book - Borrowing |